[Event "47. Memorial Capablanca - Premier"]
[Site "La Habana CUB"]
[Date "2012.05.05"]
[Round "2.1"]
[White "Almeida Quintana, Omar"]
[Black "Alvarez Pedraza, Aramis"]
[Result "1/2-1/2"]
[WhiteElo "2525"]
[BlackElo "2551"]
[PlyCount "24"]
[EventDate "2012.05.04"]
[EventType "tourn"]
[EventRounds "9"]
[EventCountry "CUB"]
[EventCategory "13"]
[Source "lmi"]
[SourceDate "2012.05.04"]

1. d4 d5 2. Nf3 Nf6 3. c4 c6 4. cxd5 cxd5 5. Nc3 Nc6 6. Bf4 Bf5 7. e3 e6 8. Bd3
Bxd3 9. Qxd3 Bd6 10. Bxd6 Qxd6 11. O-O O-O 12. Na4 Rac8 1/2-1/2

[Event "47. Memorial Capablanca - Premier"]
[Site "La Habana CUB"]
[Date "2012.05.08"]
[Round "5.3"]
[White "Ortiz Suarez, Isan Reynaldo"]
[Black "Rakhmanov, Aleksandr"]
[Result "1/2-1/2"]
[WhiteElo "2572"]
[BlackElo "2603"]
[PlyCount "117"]
[EventDate "2012.05.04"]
[EventType "tourn"]
[EventRounds "9"]
[EventCountry "CUB"]
[EventCategory "13"]
[Source "lmi"]
[SourceDate "2012.05.04"]

1. e4 e6 2. d4 d5 3. Nd2 Be7 4. Ngf3 Nf6 5. e5 Nfd7 6. Bd3 c5 7. c3 b6 8. Nf1
Ba6 9. Bxa6 Nxa6 10. Ng3 b5 11. O-O b4 12. Qa4 Qb6 13. Nh5 g6 14. Nf6+ Bxf6 15.
exf6 h6 16. Ne5 Nab8 17. dxc5 Qa6 18. Qxa6 Nxa6 19. Nxd7 Kxd7 20. cxb4 Nxb4 21.
Bd2 a5 22. a3 Nd3 23. b4 e5 24. Rfd1 axb4 25. axb4 Kc6 26. Kf1 h5 27. Ke2 Nb2
28. Rdc1 Nc4 29. Be1 Kb5 30. Kd3 g5 31. f3 g4 32. Bc3 gxf3 33. gxf3 Rxa1 34.
Rxa1 Rh6 35. f4 d4 36. Be1 Rxf6 37. fxe5 Nxe5+ 38. Kxd4 Nc6+ 39. Kd3 Rf1 40.
Ke2 Rh1 41. h4 Rh2+ 42. Kf3 Rb2 43. Ke4 Rg2 44. Kf5 Rg4 45. Rc1 Rg6 46. Rd1 Rg1
47. Kf6 Rf1+ 48. Kg5 f5 49. Rc1 Nxb4 50. Rb1 Kc6 51. Rxb4 Rxe1 52. Rc4 Re4 53.
Rc1 f4 54. Kxh5 f3 55. Rf1 Rf4 56. Kg5 Rf8 57. h5 Kxc5 58. Kg4 f2 59. Kg3
1/2-1/2

[Event "47. Memorial Capablanca - Premier"]
[Site "La Habana CUB"]
[Date "2012.05.10"]
[Round "6.2"]
[White "Gonzalez Vidal, Yuri"]
[Black "Bacallao Alonso, Yusnel"]
[Result "1-0"]
[WhiteElo "2545"]
[BlackElo "2580"]
[PlyCount "73"]
[EventDate "2012.05.04"]
[EventType "tourn"]
[EventRounds "9"]
[EventCountry "CUB"]
[EventCategory "13"]
[Source "lmi"]
[SourceDate "2012.05.04"]

1. d4 Nf6 2. c4 g6 3. Nc3 d5 4. Bf4 Bg7 5. e3 O-O 6. Rc1 dxc4 7. Bxc4 c5 8.
dxc5 Qa5 9. Nge2 Qxc5 10. Qb3 Nc6 11. Nb5 Qh5 12. Ng3 Qh4 13. Nc7 e5 14. Bg5
Qxg5 15. h4 Qg4 16. Nxa8 Qd7 17. Rd1 Qe7 18. Qa3 Nb4 19. O-O Ng4 20. f3 Nh6 21.
Nc7 a5 22. Qxa5 Nc6 23. Qb6 Qxh4 24. Ne4 Nf5 25. Rf2 Bh6 26. Nd5 Nce7 27. Ndf6+
Kg7 28. Ng4 Nc6 29. g3 Qe7 30. Nxh6 Nxh6 31. Rfd2 Bf5 32. Qc5 Qc7 33. Qd6 Qb6
34. Qc5 Qc7 35. Nd6 e4 36. g4 b6 37. Qd5 1-0